LEADER 00764nam0-22002531i-450- 001 990006362530403321 005 19980601 035 $a000636253 035 $aFED01000636253 035 $a(Aleph)000636253FED01 035 $a000636253 100 $a19980601d1993----km-y0itay50------ba 105 $a--------00-yy 200 1 $aCASSIODORO$eDalla corte di Ravenna al Vivarium di Squillace$eatti del Convegno internazionale di studi - Squillace 25-27 ottobre 1990$fa cura di Sandro Leanza 210 $aSoveria Mannelli$cRubbettino$d1993 676 $a878.02 801 0$aIT$bUNINA$gRICA$2UNIMARC 901 $aBK 912 $a990006362530403321 952 $aIV O 12$b34449*$fFGBC 959 $aFGBC 996 $aCASSIODORO$9659050 997 $aUNINA DB $aGIU01 LEADER 01205nam0 2200397 450 001 9910309359703321 005 20220405102120.0 010 $a978-88-428-2496-1 100 $a20190215d2018----km y0itay50 ba 101 1 $aita$ceng 102 $aIT 105 $aa 001yy 200 1 $a<>divide$eguida per risolvere la disuguaglianza globale$fJason Hickel$gtraduzione di Fabio Galimberti 210 $aMilano$cil Saggiatore$d2018 215 $a321 p.$cill.$d22 cm 225 1 $a<>Cultura$v1185 454 0$12001$a<>divide$91542545 610 0 $aSviluppo sostenibile$aSec. 21 610 0 $aDisuguaglianza sociale$aSec. 21 610 0 $aReddito$aDistribuzione$aSec. 21 676 $a338.9$v22$zita 676 $a339.22$v22$zita 676 $a330.91724$v23$zita 700 1$aHickel,$bJason$0761729 702 1$aGalimberti,$bFabio 801 0$aIT$bUNINA$gREICAT$2UNIMARC 901 $aBK 912 $a9910309359703321 952 $a338.9 HIC 1$b5692$fBFS 952 $aCOLLEZ. 994 (1185)$b2123/2019$fFSPBC 952 $a60 330.917 HICJ 2018$b066/2022$fFAGBC 959 $aFSPBC 959 $aBFS 959 $aFAGBC 996 $aDivide$91542545 997 $aUNINA